000 00724nas a2200181 4500
003 NALT
005 20211025143329.0
008 171206b th ||||| |||| 00| 0 tha d
040 _aNALT
245 _aวารสารการค้าระหว่างประเทศ
310 _aรายเดือน
500 _aหยุดผลิตฉบับพิมพ์หลังเดือนเมษายน 2562 เป็นต้นไป
850 _aNALT
866 _aปีที่ 5 ฉบับที่ 19-20 (2561), ปีที่ 6 ฉบับที่ 22-25 (ก.พ.-เม.ย. 2562)
942 _cJNR
_s1
_2lcc
998 _aw
_bw
_cw
_j755
_k จินตนา เอี่ยมคง
999 _c94041
_d94041